00543nam a2200181Ia 450000500170000000800410001702000150005808200210007324500400009426000380013430000180017265000130019065000200020370000200022394200060024395200970024999900150034620250120045448.0240331s9999 xx 000 0 und d a0415014905 bBRE23605a305.4 0aBetween Feminism and Psychoanalysis aLondonaNew YorkbRoutledgec1989 aviii, 271 p., aFeminism aPsychoanalysis  aBrennan, Teedt cL 001040708LaWERCLbWERCLcSSCd2024-03-31l0o 305.4 BETp3605r2024-03-31w2024-03-31yL c1626d1626